000 00327nam a2200145Ia 4500
100 _aKenan/Kevin
650 _aComputers
942 _cBK
654 _acryptography
245 _aCryptography in the database
260 _bPearson Education
_aMumbai
_c2006
082 _a005.82/KEN
_bKEN
300 _a277
546 _aENGLISH
999 _c28253
_d28253